000 00716nam a2200241Ia 4500
003 OSt
005 20220817093900.0
008 220817b |||||||| |||| 00| 0 eng d
020 _a0 471 40075 0
040 _cIFM Library
082 _a658.4038011
100 _aTurban, Efraim
_97579
245 _aInformation Technology for Management: Transforming Businesss in the Digital Economy
260 _aNew York:
260 _bJohn Wiley and Sons,
260 _c2002
300 _axxii, 771 p.
_b: ill.; 27cm.
500 _aIncludes Bibliographic References
650 _aManagement Information Systems
_93166
700 _aMcLean, Ephraim
_97580
710 _aWetherbe, James
942 _cBK
_2ddc
_e3rd ed.
_n0
999 _c10439
_d10439